| 000 | 01372nam a2200277 i 4500 | ||
|---|---|---|---|
| 001 | 144214 | ||
| 003 | ES-MaACL | ||
| 005 | 20250726072328.0 | ||
| 007 | t| | ||
| 008 | 070214s1931 sp abo |||| | spa d | ||
| 080 | _a913(234.1 Guadarrama)(036) | ||
| 245 | 0 | 0 | _aSierra de Guadarrama. |
| 246 | 3 |
_iTít. de anteport. _aGuía de la Sierra de Guadarrama |
|
| 260 |
_aMadrid : _bJunta de Parques Nacionales, _c1931. |
||
| 300 |
_a107 p., [4] h. pleg. de mapas col. : _bil. col. y n. ; _c20 cm. |
||
| 490 | 1 |
_aGuías de los sitios naturales de interés nacional / publicadas bajo la dirección de Eduardo Hernández-Pacheco ; _v1 |
|
| 500 | _aLas fotos de las ilustraciones de Francisco Hernández-Pacheco, José Tinoco, A. Victory.. [e alt.] | ||
| 594 | _aPrecede al tit.: Ministerio de Fomento, Junta de Parques Nacionales. | ||
| 651 | 4 |
_aGuadarrama (España, Sierra)- _vGuías turísticas. _9147228 |
|
| 651 | 4 |
_aGuadarrama (España, Sierra)- _xDescripción. _98798 |
|
| 700 | 1 |
_aHernández-Pacheco, Eduardo, _d1872-1965 _963012 |
|
| 710 | 2 |
_aJunta de Parques Nacionales (España) _9147227 |
|
| 830 | 0 |
_aGuías de los sitios naturales de interés nacional / publicadas bajo la dirección de Eduardo Hernández-Pacheco ; _v1 _9220651 |
|
| 852 |
_aES-MaACL _jL-14575 _z.- Donat. de Eduardo Hernández-Pacheco, en anotación manuscrita |
||
| 999 |
_c144214 _d144214 |
||